000 00674nam a22002297a 4500
005 20170124110222.0
010 _aA-354468
020 _c00.00
035 _aA-354468
037 _bCen Lib/Ret
040 _aDPL
_bEN
082 _a621.3803
_bPUR
100 _aPuri, V.K.
_98604
245 _aDictionary of electronics /
_cby V.K. Puri [and] P. Chand
260 _aNew Delhi
_bAnmol Publications
_c1988
270 _bNew Delhi
_aAnsari road
_e110002
300 _a287p.
_c21cm(Hb)
650 _aMachenical engineering
_932257
650 _aElectronics
_vDictionaries
_940019
700 _aChand, P.
_940020
942 _2ddc
_cEN
_h621.3803
_mPUR
999 _c134185
_d134185